书目信息 |
| 题名: |
陪我走一段
|
|
| 作者: | 余光中 , 痖弦 , 蒋勋 著 ;张曼娟 主编 | |
| 分册: | ||
| 出版信息: | 南京 江苏凤凰文艺出版社 2019.03 |
|
| 页数: | 281页 | |
| 开本: | 21cm | |
| 丛书名: | ||
| 单 册: | ||
| 中图分类: | I267 | |
| 科图分类: | ||
| 主题词: | 散文集--san wen ji--中国--当代 | |
| 电子资源: | ||
| ISBN: | 978-7-5594-3377-0 | |
| 000 | 01141nam0 2200289 450 | |
| 001 | 202019137714 | |
| 005 | 20191026133321.0 | |
| 010 | @a978-7-5594-3377-0@dCNY48.00 | |
| 100 | @a20191023d2019 em y0chiy50 ea | |
| 101 | 0 | @achi |
| 102 | @aCN@b320000 | |
| 105 | @ay z 000cy | |
| 106 | @ar | |
| 200 | 1 | @a陪我走一段@Apei wo zou yi duan@f余光中, 痖弦, 蒋勋等著@g张曼娟主编 |
| 210 | @a南京@c江苏凤凰文艺出版社@d2019.03 | |
| 215 | @a281页@d21cm | |
| 306 | @a经九歌出版社有限公司授权出版 | |
| 314 | @a余光中, 当代著名散文家、诗人。痖弦, 台湾著名诗人。蒋勋, 台湾著名作家。 | |
| 330 | @a本书是一本关于陪伴的散文集, 精选余光中、痖弦、蒋勋等一系列作家和文化名人的佳作。这些华语文坛熠熠生辉的作家们, 像好朋友一样, 用手中的笔细述他们经历的陪伴故事。其中既有对情感的倾诉、往事的追忆, 也有对美景的详述、人生的思考, 兼有温暖的记忆和对明天的期许。 | |
| 606 | 0 | @a散文集@Asan wen ji@y中国@z当代 |
| 690 | @aI267@v5 | |
| 701 | 0 | @a余光中@Ayu guang zhong@4著 |
| 701 | 0 | @a痖弦@Aya xian@4著 |
| 701 | 0 | @a蒋勋@Ajiang xun@4著 |
| 702 | 0 | @a张曼娟@Azhang man juan@4主编 |
| 801 | 0 | @aCN@c20190905 |
| 905 | @a河南城建学院图书馆@dI267@eY754-5 | |
| 陪我走一段/余光中, 痖弦, 蒋勋等著/张曼娟主编.-南京:江苏凤凰文艺出版社,2019.03 |
| 281页;21cm |
| ISBN 978-7-5594-3377-0:CNY48.00 |
| 本书是一本关于陪伴的散文集, 精选余光中、痖弦、蒋勋等一系列作家和文化名人的佳作。这些华语文坛熠熠生辉的作家们, 像好朋友一样, 用手中的笔细述他们经历的陪伴故事。其中既有对情感的倾诉、往事的追忆, 也有对美景的详述、人生的思考, 兼有温暖的记忆和对明天的期许。 |
| ● |
| 相关链接 |
|
|
|
正题名:陪我走一段
索取号:I267/Y754-5
 
预约/预借
| 序号 | 登录号 | 条形码 | 馆藏地/架位号 | 状态 | 备注 |
| 1 | 1446586 | 214465862 | 文学库116/116文学库 8排2列1层/ [索取号:I267/Y754-5] | 在馆 | |
| 2 | 1446587 | 214465871 | 文学库116/116文学库 8排2列1层/ [索取号:I267/Y754-5] | 在馆 |